Statistics for Famous people that support Obama

Click here to take the quiz!

General Stats

  • This quiz has been taken 9 times
  • The average score is 10 of 62

Answer Stats

Hint Answer % Correct
CEO of MicrosoftBill Gates
88%
Former presidentBill Clinton
88%
Former presidentJimmy Carter
75%
ActorSamuel L. Jackson
50%
ActorWill Smith
38%
Basketball playerMichael Jordan
38%
SingerKaty Perry
38%
Basketball playerLeBron James
38%
SingerJay Z
38%
ActressJada Pinkett Smith
38%
BoxerMuhammed Ali
25%
ActorMatt Damon
25%
ActressNatalie Portman
25%
ActorRobert Downey Jr.
25%
SingerKanye West
25%
Talk show hostWhoopi Goldberg
25%
SingerJenniffer Lopez
25%
BoxerMike Tyson
25%
SingerJustin Timberlake
25%
Talk show hostEllen Degeneres
25%
ActorDwayne Johnson
25%
ActorAlec Baldwin
13%
ActorTom Hanks
13%
ActressScarlett Johannson
13%
PoliticianBernie Sanders
13%
ActressBetty White
13%
ActorBrad Pitt
13%
ActorMorgan Freeman
13%
ActressMila Kunis
13%
ActorChris Evans
13%
ActorMark Ruffalo
13%
ActorLeonardo Dicaprio
13%
ActorChris Pratt
13%
ActorBen Affleck
13%
ActressJulia Roberts
13%
ActorEddie Murphy
13%
Voice actorJames Earl Jones
13%
ActorGeorge Clooney
13%
ActorDanny DeVito
0%
Film directorJ. J. Abrams
0%
ActorBen Stiller
0%
InvestorWarren Buffett
0%
SingerIce Cube
0%
Film directorSteven Speilburg
0%
Talk show hostSteve Harvey
0%
Film directorSpike Lee
0%
SingerSnoop Dogg
0%
ActorSeth Rogen
0%
SingerSelena Gomez
0%
ActorPaul Rudd
0%
ActorJack Black
0%
ActressSalma Hayek
0%
ActorKevin Spacey
0%
ComedianBill Maher
0%
SingerFlo Rida
0%
SingerMiley Cyrus
0%
Talk show hostJimmy Fallon
0%
SingerGwen Stefani
0%
ActorDaniel Craig
0%
ActorMark Hamill
0%
ActorDaniel Radcliffe
0%
ChefGordon Ramsey
0%

Score Distribution

Percentile by Number Answered

Percent of People with Each Score

Your Score History

You have not taken this quiz